000 00994cam a22003135a 4500
001 27466
005 20230411085954.0
008 060922s2006 ag b 000 0 spa d
035 _a14563523
925 0 _aacquire
_b1 shelf copy
_xpolicy default
942 _2lcc
_cbk
010 _a2006493915
040 _aTEF
_cTEF
_dDLC
020 _a9501265625
035 _a(OCoLC)ocm70862167
042 _alccopycat
043 _acl-----
097 0 0 _a100 F 1414
_bN386g 2006
100 1 _aNegri, Antonio,
_d1933-
245 1 0 _aGlobAL :
_bbiopoder y luchas en una América Latina globalizada /
_cAntonio Negri y Giuseppe Cocco.
260 _aBuenos Aires :
_bPaidós,
_cc2006.
300 _a244 p. ;
_c21 cm.
440 0 _aEspacios del saber ; 53
504 _aIncludes bibliographical references.
651 0 _aLatin America
_xPolitics and government
_y20th century.
651 0 _aLatin America
_xForeign relations
_y20th century.
650 0 _aGlobalization.
700 1 _aCocco, Giuseppe.
999 _c110257
_d110257